| 000 | 00000nam##2200000za#4500 |
| 001 | 9.625815 |
| 003 | CaOODSP |
| 005 | 20200421163420 |
| 007 | ta |
| 008 | 150406|2000||||xxc||||| f|0| 0 fre|d |
| 020 | |a0-662-86375-5 |
| 040 | |aCaOODSP|bfre |
| 043 | |an-cn--- |
| 086 | 1 |aNH18-22/100-140F |
| 110 | 2 |aSociété canadienne d'hypothèques et de logement. |
| 245 | 10|aCompendium de la recherche sur l'immeuble de la Conservation Co-op |
| 260 | |aOttawa - Ontario : |bSociété canadienne d'hypothèques et de logement |c2000. |
| 300 | |a6p. : |bgraphique, tableaux ; |c28 cm. |
| 490 | 1 |aLe point en recherche. Série technique |v00-140 |
| 563 | |aDépliant |
| 590 | |a01-42|b2001-10-19 |
| 691 | 07|aÉvaluation environnementale|2gcpds |
| 691 | 07|aLogement|2gcpds |
| 691 | 07|aLogement subventionné|2gcpds |
| 775 | 08|tCompendium of research on the Conservation Co-op building |w(CaOODSP)9.615799 |
| 776 | 0#|tCompendium de la recherche sur l'immeuble de la Conservation Co-op |w(CaOODSP)9.602663 |
| 830 | #0|aLe point en recherche. Série technique ;|v00-140|w(CaOODSP)9.513179 |
| 986 | |aLNH 61170 |